=LDR 00000nam 2200000 4500 =001 INLIS000000000011224 =005 20201023083347 =035 ##$$a 0010-061300000011224 =008 201023################g##########0#ind## =041 ##$$a Ind =082 ##$$a 320.54 =090 ##$$a 320.54, Hob n =100 #$$a Hobsbawn, S.E.J =245 1#$$a Nasionalisme menjelang abad XXI /$c E.J.Hobsbawn; Penerjemah Hartian Silawati =260 ##$$a Yogyakarta :$b Tiara Wacana,$c 1992 =300 ##$$a xi, 230 hlm. ; $c 14,5x20 cm. =700 #$$a Silawati, Hartian =850 ##$$a NBPNMAT =020 ##$$a 979-8120-44-2 =084 ##$$a 320.54 HOB n =650 #4$$a Nasionalisme =504 ##$$a Indeks : hlm. 221 - 230 =250 ##$$a cet.1 =990 ##$$a 49.176/Pb-92 =990 ##$$a 49.177/Pb-92 =990 ##$$a 112.712/Pro-97 =990 ##$$a 112.714/Pro-97 =990 ##$$a 112.713 pro.97 =990 ##$$a 49.177/Pb-92 =990 ##$$a 49.176/Pb-92 =990 ##$$a 112.712/Pro-97 =990 ##$$a 112.714/Pro-97 =990 ##$$a 112.713 pro.97 =990 ##$$a 112.712/Pro-97 =990 ##$$a 49.176/Pb-92 =990 ##$$a 49.177/Pb-92 =990 ##$$a 112.714/Pro-97 =990 ##$$a 112.713 pro.97